000 00805nam a2200253Ia 4500
003 GCL
005 20240530102450.0
008 140319s9999 xx 000 0 ara d
040 _aGCL /
_cGCL
082 0 4 _a327.2
_bب ا
100 1 _aبطرس بطرس غالى
245 1 0 _aاحاديث سياسية /
_cبطرس بطرس غالى
260 _aالقاهرة :
_bمكتبة الانجلوالمصرية ،
_c1990
300 _a810 ص ؛
_b24 سم
650 0 4 _aمصر
650 0 4 _aالاحوال السياسية
650 0 4 _aالقضية الفلسطينية
650 0 4 _aالعلاقات الخارجية
650 0 4 _aاتفاقيات كامب ديفيد
650 0 4 _aالدبلوماسية
650 0 4 _aافريقيا
650 0 4 _aحركات التحرير
942 _2ddc
_cBK
999 _c32438
_d32438